UM Logo

A Nation aborted: (Record no. 6782)

MARC details
000 -LEADER
fixed length control field 00612nam a22001697a 4500
008 - FIXED-LENGTH DATA ELEMENTS--GENERAL INFORMATION
fixed length control field 170427b xxu||||| |||| 00| 0 eng d
020 ## - INTERNATIONAL STANDARD BOOK NUMBER
International Standard Book Number 9715503357
082 ## - DEWEY DECIMAL CLASSIFICATION NUMBER
Edition number 1999
Classification number DFil 959.9032
Item number Q4
100 ## - MAIN ENTRY--PERSONAL NAME
9 (RLIN) 20553
Personal name Quibuyen, Floro C.
245 ## - TITLE STATEMENT
Title A Nation aborted:
Remainder of title Rizal, American hegemony, and Philippine nationalism/
Statement of responsibility, etc. Floro C. Quibuyen.
260 ## - PUBLICATION, DISTRIBUTION, ETC. (IMPRINT)
Place of publication, distribution, etc. Quezon City:
Name of publisher, distributor, etc. ADMU Press,
Date of publication, distribution, etc. c1999.
300 ## - PHYSICAL DESCRIPTION
Extent vii, 344 pages;
Dimensions 23 cm.
500 ## - GENERAL NOTE
General note Includes bibliographical references and index.
650 #0 - SUBJECT ADDED ENTRY--TOPICAL TERM
9 (RLIN) 20555
Topical term or geographic name as entry element Rizal, Jose, 1861- 1896 - History.
650 #0 - SUBJECT ADDED ENTRY--TOPICAL TERM
9 (RLIN) 20556
Topical term or geographic name as entry element Nationalism - Philippines.
942 ## - ADDED ENTRY ELEMENTS (KOHA)
Source of classification or shelving scheme Dewey Decimal Classification
Koha item type Filipiniana
Holdings
Withdrawn status Lost status Source of classification or shelving scheme Damaged status Not for loan Collection code Home library Current library Date acquired Source of acquisition Total Checkouts Full call number Barcode Date last seen Copy number Cost, replacement price Price effective from Koha item type
    Dewey Decimal Classification     Filipiniana UM Digos College - LIC UM Digos College - LIC 10/28/2003 Purchased   DFil 959.9032 Q4 1999 16328 05/15/2025 1 434.50 04/27/2017 Filipiniana
    Dewey Decimal Classification     Filipiniana UM Digos College - LIC UM Digos College - LIC 11/30/2004 Purchased   DFil 959.9032 Q4 1999 17959 05/15/2025 2   04/27/2017 Filipiniana